Harry Potter Broom Models - Statistics

General Stats
  • This quiz has been taken 12 times
  • The average score is 7 of 38
Answer Stats
Answer % Correct
Firebolt
90%
Nimbus 2000
90%
Nimbus 2001
90%
Comet 260
40%
Shooting Star
40%
Cleansweep Eleven
30%
Air Wave Gold
20%
Australian Flyabout
20%
Bluebottle
20%
Cleansweep Five
20%
Cleansweep Four
20%
Cleansweep Seven
20%
Cleansweep Six
20%
Cleansweep Three
20%
Cleansweep Two
20%
Moontrimmer
20%
Nimbus 1000
20%
Oakshaft 79
20%
Silver Arrow
20%
Cleansweep One
10%
Comet 140
10%
Comet 180
10%
Comet 220
10%
Comet 290
10%
Firebolt Supreme
10%
Nimbus 1001
10%
Nimbus 1500
10%
Nimbus 1700
10%
Siberian Arrow
10%
Starsweeper XXI
0%
Swiftstick
0%
Thunderbolt VIi
0%
Tinderblast
0%
Transylvanian Barb
0%
Turbo XXX
0%
Twigger 90
0%
Varapidos
0%
Yajirushi
0%
No matching quizzes found
Score Distribution
Percent of People with Each Score
Percentile by Number Answered
Your Score History
You have not taken this quiz